U.S. State Capitals with the Coldest Winters - Statistics

General Stats
  • This quiz has been taken 131 times
  • The average score is 8 of 10
Answer Stats
°F Capital °C % Correct
19.6 Saint Paul -6.9
92%
16.1 Bismarck -8.9
87%
23.6 Augusta -4.7
85%
24.5 Helena -4.2
84%
19.6 Montpelier -6.9
84%
21.7 Pierre -5.7
84%
22.6 Madison -5.2
83%
26.4 Lansing -3.1
79%
25.1 Concord -3.9
77%
25.6 Des Moines -3.5
59%
No matching quizzes found
Score Distribution
Percent of People with Each Score
Percentile by Number Answered
Your Score History
You have not taken this quiz